000 00495nam a2200181Ia 4500
005 20250317123550.0
008 008 250317s9999 xx 000 0 eng d
037 _aTextbook
040 _aFMSL
_beng
_cFMSL
041 _aeng
_2eng
084 _aX:8 K5
_qFMSL
100 _aHackney J W
_9128350
245 0 _aControl & management of capital proficts
260 _aNY
_bNY, John Wiley
_c1965
300 _a305p
942 _cTB
_hX:8 K5
999 _c1251801
_d1251801